| 000 | 00627cam a22001817a 4500 | ||
|---|---|---|---|
| 999 |
_c416617 _d416617 |
||
| 003 | OSt | ||
| 005 | 20180722214145.0 | ||
| 008 | 180718b1966 xxu||||| |||| 00| 0 eng d | ||
| 040 | _c | ||
| 082 | _aJ7x42 Un3 | ||
| 245 |
_aExpansion of Ipswich: designation proposals, consultants study of the town in its sub-region _cby Ministry Of Housing And Local Government |
||
| 260 |
_aLondon _bHer Majesty's Stationery Office _c1966 |
||
| 300 | _a88p | ||
| 650 |
_aCity planning --England --Ipswich (Suffolk) _9169 |
||
| 650 |
_aCities and towns --Growth _9170 |
||
| 700 |
_aU.K. Her Majesty's Stationery Office _9171 |
||
| 942 |
_2ddc _cD |
||